| 000 | 00725nam a2200253 i 4500 | ||
|---|---|---|---|
| 001 | 13950 | ||
| 003 | ES-MaACL | ||
| 005 | 20230906150711.0 | ||
| 007 | t| | ||
| 008 | 980819s1982 be ||||1| fre d | ||
| 020 | _a2-8004-0778-6 | ||
| 080 | _a17:37.02 | ||
| 080 | _a37.02:17 | ||
| 245 | 0 | 0 |
_aPhilosophie, morale et société / _ctextes édités par Gilbert Hottois et Marcel Voisin. |
| 260 |
_aBruxelles : _bUniversité, _c[1982] |
||
| 300 |
_a148 p. ; _c24 cm. |
||
| 490 | 1 | _aLaïcité | |
| 650 | 1 | 4 |
_aÉtica- _xDidáctica. _912580 |
| 700 | 1 |
_aHottois, Gilbert. _964311 |
|
| 700 | 1 |
_aVoisin, Marcel. _9115682 |
|
| 830 | 0 |
_aLaïcité _9228478 |
|
| 852 |
_aES-MaACL _jL-21287 _bR.113792 |
||
| 999 |
_c13950 _d13950 |
||